00539nam a22001697a 450000500170000001000150001702000260003203500130005803700130007108200080008410000170009224500700010926000360017927000840021530000200029950000500031920130513165704.0 aENG-107119 a9788183763523c995.00 aEN-90652 bDBAD/PUB a485 aRamesh Kumar10aSpoken English :cby Ramesh Kumarbmethods, tools and technique / aNew DelhibABD Publishersc2012 a102, 1st Floor, Satyam House, 4327/3, Ansari Road, DaryaganjbNew Delhie110002 a272p.c22cm(Hb) aIncludes bibliographical references and index